[Event "Let's Play Chess!"]
[Site "http://www.queenalice.com/game.php?id=1612213"]
[Date "2020.5.14"]
[Round "-"]
[White "pariolinius"]
[Black "Cuspirov"]
[Result "1-0"]
[WhiteElo "1816"]
[BlackElo "1383"]

1. e4 e5 2. Nf3 Nc6 3. d4 exd4 4. Nxd4 Nxd4 5. Qxd4 c5 6. Qe3 Nf6 7. Nc3 d6 8.
Bc4 Ng4 9. Qf4 Qf6 10. O-O Qxf4 11. Bxf4 Bd7 12. Nd5 O-O-O 13. h3 Ne5 14. Be2
Bc6 15. Bh2 Bxd5 16. exd5 g6 17. f4 Nd7 18. a4 a5 19. Bb5 Bg7 20. c3 f5 21. Bg3
Nb6 22. Rfe1 Nxd5 23. Rad1 Nc7 24. Bc4 d5 25. Bh4 Rd7 26. Ba2 d4 27. Re7 Rxe7
28. Bxe7 dxc3 29. bxc3 Bxc3 30. Bxc5 Ne6 31. Bxe6+ 1-0

[Event "Challenge"]
[Site "http://www.queenalice.com/game.php?id=1613583"]
[Date "2020.5.24"]
[Round "-"]
[White "Cuspirov"]
[Black "vicooooor"]
[Result "0-1"]
[WhiteElo "1434"]
[BlackElo "1298"]

1. d4 Nc6 2. c4 b6 3. e4 g5 4. Bxg5 Bg7 5. e5 h6 6. Be3 e6 7. Nc3 h5 8. Bd3 Qe7
9. Nb5 Qb4+ 10. Bd2 Qe7 11. Nxc7+ Kd8 12. Nxa8 Bb7 13. d5 exd5 14. cxd5 Nxe5 15.
Be3 Bxa8 16. Be4 Qb4+ 17. Bd2 Qxe4+ 18. Ne2 Nd3+ 19. Kf1 Bxd5 20. Rg1 Nxb2 21.
f3 Qd3 0-1

[Event "Challenge"]
[Site "http://www.queenalice.com/game.php?id=1613883"]
[Date "2020.5.26"]
[Round "-"]
[White "ROYANDROLL"]
[Black "Cuspirov"]
[Result "0-1"]
[WhiteElo "1401"]
[BlackElo "1355"]

1. e4 e5 2. Qh5 Nc6 3. Bb5 g6 4. Qf3 Nd4 5. Qd3 c6 6. Ba4 b5 7. c3 Ne6 8. Bd1
Bg7 9. g3 d6 10. b4 Ne7 11. h4 c5 12. Qxb5+ Bd7 13. Qe2 cxb4 14. cxb4 Nd4 15.
Qe3 f5 16. a4 O-O 17. Bb2 f4 18. gxf4 Rxf4 19. Bxd4 Bh6 20. Bxa7 Rxh4 21. Bb6
Bxe3 22. Bxd8 Rxh1 23. Kf1 Bd4 24. Ra3 Bh3+ 25. Rxh3 Rxh3 26. Nxh3 Rxd8 27. Ng5
Rc8 28. Bb3+ Kg7 29. Ne6+ Kf6 30. Ke2 h5 31. b5 Bb2 32. a5 Rc1 33. Ba2 Rxb1 34.
Bxb1 Kxe6 35. b6 Nc6 36. a6 Bd4 37. a7 Nxa7 38. Bc2 Bxb6 39. Bb3+ Kf6 40. Kf3 g5
41. Kg3 Nb5 42. f3 Nd4 43. Bg8 Ba5 44. d3 Bd2 45. Bd5 Bf4+ 46. Kf2 g4 47. fxg4
hxg4 48. Ba2 Kg5 49. Kg2 Kh4 50. Be6 Nxe6 51. d4 Nxd4 52. Kf2 g3+ 53. Kg2 Kg4
54. Kf1 Kf3 55. Kg1 Kxe4 56. Kg2 Ne2 57. Kf1 Kf3 58. Ke1 g2 59. Kd1 g1=Q+ 60.
Kc2 Qc1+ 61. Kd3 Qc3# 0-1

[Event "Challenge"]
[Site "http://www.queenalice.com/game.php?id=1613884"]
[Date "2020.5.26"]
[Round "-"]
[White "Cuspirov"]
[Black "tche_elvio"]
[Result "0-1"]
[WhiteElo "1377"]
[BlackElo "1426"]

1. d4 g6 2. c4 Bg7 3. Nc3 Nf6 4. e4 d6 5. Be3 O-O 6. Bd3 c6 7. Nge2 b6 8. O-O a5
9. f4 Bg4 10. Qd2 Bxe2 11. Nxe2 e6 12. e5 dxe5 13. fxe5 Ng4 14. h3 Nxe3 15. Qxe3
Nd7 16. Nc3 h5 17. Be4 Qc7 18. Rf2 Kh7 19. Qg3 f5 20. Bf3 Nxe5 21. dxe5 Bxe5 22.
Qh4 Bf6 23. Qxf6 Rxf6 0-1

[Event "Challenge"]
[Site "http://www.queenalice.com/game.php?id=1613885"]
[Date "2020.5.26"]
[Round "-"]
[White "tche_elvio"]
[Black "Cuspirov"]
[Result "1-0"]
[WhiteElo "1406"]
[BlackElo "1500"]

1. d4 f5 2. c4 Nf6 3. Nc3 g6 4. g3 Bg7 5. Bg2 d6 6. Nf3 Nbd7 7. O-O c6 8. b3 O-O
9. h4 Nh5 10. Ng5 Ndf6 11. e4 fxe4 12. Bb2 h6 13. Ngxe4 Nxe4 14. Nxe4 d5 15.
cxd5 Qxd5 16. Nf6+ Nxf6 17. Bxd5+ Nxd5 18. Qd2 Bf5 19. a3 Rfe8 20. b4 Nb6 21.
Rac1 Rad8 22. Rfe1 Be6 23. Rxe6 1-0

[Event "Challenge"]
[Site "http://www.queenalice.com/game.php?id=1613983"]
[Date "2020.5.27"]
[Round "-"]
[White "Cuspirov"]
[Black "flibbertygibbet"]
[Result "0-1"]
[WhiteElo "1306"]
[BlackElo "1073"]

1. d4 Nf6 2. c4 e6 3. Nc3 Bb4 4. Bg5 b6 5. e4 h6 6. Bxf6 Qxf6 7. e5 Qf4 8. Ne2
Bxc3+ 9. Nxc3 Nc6 10. g3 Qxd4 11. Nb5 Qxe5+ 12. Qe2 Kd8 13. Qxe5 Nxe5 14. Bg2 c6
15. Nd6 Ba6 16. Bf1 Ke7 17. O-O-O Ng4 18. Ne4 f5 19. b3 fxe4 0-1

[Event "Challenge"]
[Site "http://www.queenalice.com/game.php?id=1613984"]
[Date "2020.5.27"]
[Round "-"]
[White "flibbertygibbet"]
[Black "Cuspirov"]
[Result "0-1"]
[WhiteElo "1089"]
[BlackElo "1216"]

1. e4 e5 2. Nf3 Nc6 3. Bb5 d6 4. d4 Bd7 5. O-O a6 6. Bxc6 Bxc6 7. d5 Bb5 8. Re1
g6 9. Nc3 Bd7 10. Be3 Ne7 11. Qd2 Bg7 12. Bh6 O-O 13. a4 f5 14. Bxg7 Kxg7 15.
exf5 Bxf5 16. Rad1 Bg4 17. Qd3 Bxf3 18. gxf3 Nf5 19. Qd2 h6 20. Ne4 Nh4 21. Re3
Nxf3+ 22. Kh1 Nxd2 0-1

[Event "AUTO-INT-3544"]
[Site "http://www.queenalice.com/game.php?id=1614173"]
[Date "2020.5.28"]
[Round "1"]
[White "dan3"]
[Black "Cuspirov"]
[Result "0-1"]
[WhiteElo "1504"]
[BlackElo "1250"]

1. d4 f5 2. Bf4 Nf6 3. e3 g6 4. c3 Bg7 5. Nd2 d6 6. Ngf3 Nbd7 7. Bd3 Ng4 8. e4
e5 9. dxe5 dxe5 10. Bg5 Ndf6 11. Nh4 Qxd3 12. Nhf3 Nxe4 13. Qa4+ c6 14. Rd1
Nexf2 0-1

[Event "AUTO-INT-3544"]
[Site "http://www.queenalice.com/game.php?id=1614174"]
[Date "2020.5.28"]
[Round "1"]
[White "Cuspirov"]
[Black "dan3"]
[Result "1-0"]
[WhiteElo "1309"]
[BlackElo "1504"]

1. d4 d5 2. c4 dxc4 3. e4 b5 4. Nc3 a6 5. Bf4 e6 6. d5 exd5 7. Qxd5 Bd6 8. Bxd6
c6 9. Qe5+ Be6 10. O-O-O Qf6 11. f3 Qxe5 12. Bxe5 f6 13. Bd6 Nd7 14. g3 a5 15.
a3 1-0

[Event "AUTO-INT-3544"]
[Site "http://www.queenalice.com/game.php?id=1614185"]
[Date "2020.5.28"]
[Round "1"]
[White "sylvainl1855"]
[Black "Cuspirov"]
[Result "0-1"]
[WhiteElo "1490"]
[BlackElo "1391"]

1. e4 e5 2. g3 f5 3. exf5 d5 4. Qe2 e4 5. f3 Bxf5 6. g4 Bg6 7. fxe4 Bxe4 8. Nf3
Qe7 9. d3 Bxf3 10. Qxe7+ Bxe7 11. Rg1 Bh4+ 12. Kd2 Bg5+ 13. Ke1 Bxc1 14. Be2
Bxe2 15. Kxe2 Bxb2 16. Nd2 Bxa1 17. Rxa1 Nd7 18. Nf3 O-O-O 19. Ng5 Re8+ 20. Kd2
Ne5 21. d4 Nc4+ 22. Kd3 Re3# 0-1

[Event "AUTO-INT-3544"]
[Site "http://www.queenalice.com/game.php?id=1614186"]
[Date "2020.5.28"]
[Round "1"]
[White "Cuspirov"]
[Black "sylvainl1855"]
[Result "1-0"]
[WhiteElo "1422"]
[BlackElo "1300"]

1. d4 d6 2. c4 b6 3. Nc3 c5 4. d5 e6 5. e4 exd5 6. cxd5 Be7 7. Bb5+ Bd7 8. Qd3
Bxb5 9. Nxb5 a6 10. Nc3 a5 11. Qb5+ Nd7 12. Na4 Bf6 13. Bf4 Be7 14. Ne2 Bf6 15.
Bxd6 Nh6 16. f3 Be7 17. Bxe7 Qxe7 18. Nxb6 Rb8 19. Qxd7+ Qxd7 20. Nxd7 Kxd7 21.
O-O-O a4 22. a3 Ng8 23. Nc3 Ra8 24. Rhe1 Ne7 25. d6 Nc8 26. e5 Ra6 27. Re4 Nb6
28. Nd5 Nxd5 29. Rxd5 Ra5 30. Rc4 Kc6 31. d7 Raa8 32. Rcxc5+ 1-0

[Event "AUTO-INT-3544"]
[Site "http://www.queenalice.com/game.php?id=1614193"]
[Date "2020.5.28"]
[Round "1"]
[White "Cuspirov"]
[Black "SamuraiJOM"]
[Result "0-1"]
[WhiteElo "1359"]
[BlackElo "1706"]

1. d4 d5 2. c4 dxc4 3. e4 Nc6 4. d5 Ne5 5. f4 Ng4 6. h3 N4f6 7. e5 Nxd5 8. Bxc4
e6 9. Bxd5 exd5 10. Nc3 Qh4+ 11. Kf1 c6 12. Nf3 Qg3 13. Be3 Bf5 14. Ne2 Qg6 15.
Nh4 Qh5 16. g3 f6 17. Nxf5 Qxf5 18. g4 Qe4 19. Ng3 Qxe3 20. Nf5 Qb6 21. Qe2
O-O-O 22. exf6 Nxf6 23. Rd1 Ne4 0-1

[Event "AUTO-INT-3544"]
[Site "http://www.queenalice.com/game.php?id=1614194"]
[Date "2020.5.28"]
[Round "1"]
[White "SamuraiJOM"]
[Black "Cuspirov"]
[Result "1-0"]
[WhiteElo "1701"]
[BlackElo "1250"]

1. e4 e5 2. Nf3 Nc6 3. Bc4 Bc5 4. O-O Nf6 5. Ng5 O-O 6. d3 h6 7. Nf3 d6 8. h3
Na5 9. Nbd2 Nxc4 10. Nxc4 d5 11. exd5 Qxd5 12. Nfxe5 b5 13. Ne3 Bxe3 14. Bxe3
Qxe5 15. Qf3 Rb8 16. d4 Qd5 17. Qf4 Bb7 18. f3 Nh5 19. Qxc7 Ng3 20. Qxg3 Rbc8
21. c3 a5 22. Bxh6 g6 23. Bxf8 1-0

[Event "AUTO-OPEN-4179"]
[Site "http://www.queenalice.com/game.php?id=1614218"]
[Date "2020.5.28"]
[Round "1"]
[White "ratorei"]
[Black "Cuspirov"]
[Result "1-0"]
[WhiteElo "2137"]
[BlackElo "1250"]

1. e4 e5 2. Nf3 Nc6 3. Bb5 d6 4. d4 Bd7 5. d5 Nce7 6. a4 c6 7. Bc4 a6 8. Qe2 g6
9. Nbd2 c5 10. c3 Nh6 11. b4 f5 12. bxc5 dxc5 13. Nxe5 Bg7 14. Nxd7 Qxd7 15. Ra3
O-O 16. d6+ Nf7 17. dxe7 Qxe7 18. O-O f4 19. Nf3 Kh8 20. Bxf4 Ne5 21. Bxe5 Bxe5
22. Nxe5 Qxe5 23. Bd5 Rad8 24. Bxb7 a5 25. c4 Rb8 26. Bd5 Rf4 27. g3 Rf6 28. f4
Qd4+ 29. Qf2 g5 30. Qxd4 1-0

[Event "AUTO-OPEN-4179"]
[Site "http://www.queenalice.com/game.php?id=1614219"]
[Date "2020.5.28"]
[Round "1"]
[White "Cuspirov"]
[Black "ratorei"]
[Result "0-1"]
[WhiteElo "1306"]
[BlackElo "2138"]

1. d4 Nf6 2. c4 d5 3. Nc3 c6 4. Bf4 e6 5. e3 Nh5 6. Nge2 Nxf4 7. Nxf4 Bb4 8. Qc2
a5 9. a3 Bd6 10. Nce2 O-O 11. c5 Bc7 12. Nc3 e5 13. Nd3 exd4 14. exd4 Re8+ 15.
Be2 Qh4 16. O-O-O Qxd4 17. Nb4 Qf4+ 18. Rd2 axb4 19. g3 Qh6 20. Na4 Rxe2 21. Kd1
Rxd2+ 22. Qxd2 Qxd2+ 23. Kxd2 Rxa4 0-1

[Event "AUTO-OPEN-4179"]
[Site "http://www.queenalice.com/game.php?id=1614244"]
[Date "2020.5.28"]
[Round "1"]
[White "Cuspirov"]
[Black "RJOliveira"]
[Result "0-1"]
[WhiteElo "1383"]
[BlackElo "1735"]

1. d4 d5 2. c4 c5 3. dxc5 Qa5+ 4. Bd2 Qxc5 5. Nc3 Qxc4 6. e4 Qd4 7. Nf3 Qc5 8.
Be3 Qc7 9. Nxd5 Qd8 10. Qd3 Nc6 11. O-O-O e6 12. Nc3 Be7 13. Qb5 Bd7 14. Qxb7
Rb8 15. Qa6 Nf6 16. Bb5 Qc7 17. Bxc6 Bxc6 18. Ne5 Bb5 19. Qxa7 Qc8 20. Kb1 Rb7
21. Qd4 O-O 22. Rc1 Qb8 23. f3 Bd6 24. Bf4 Ba6 25. b3 Ba3 26. Rcd1 Rxb3+ 27. Kc2
Rb2+ 0-1

[Event "AUTO-OPEN-4179"]
[Site "http://www.queenalice.com/game.php?id=1614245"]
[Date "2020.5.28"]
[Round "1"]
[White "RJOliveira"]
[Black "Cuspirov"]
[Result "1-0"]
[WhiteElo "1733"]
[BlackElo "1387"]

1. d4 f5 2. Nc3 Nf6 3. Nf3 g6 4. Bg5 Bg7 5. Bxf6 Bxf6 6. e3 O-O 7. Be2 d6 8. Bd3
Nd7 9. Qd2 e5 10. dxe5 Nxe5 11. Be2 Nxf3+ 12. Bxf3 c6 13. O-O Qa5 14. e4 Bxc3
15. bxc3 f4 16. Rfe1 Qe5 17. c4 c5 18. a4 a5 19. Rab1 Rb8 20. Rb6 Rf6 21. Qxa5
d5 22. exd5 Qg5 23. Rxf6 Qxf6 24. Qxc5 Bf5 25. d6 b6 26. Bd5+ Kg7 27. Qc7+ 1-0

[Event "AUTO-OPEN-4179"]
[Site "http://www.queenalice.com/game.php?id=1614246"]
[Date "2020.5.28"]
[Round "1"]
[White "Cuspirov"]
[Black "ulisses67"]
[Result "0-1"]
[WhiteElo "1368"]
[BlackElo "1586"]

1. d4 d5 2. c4 dxc4 3. e4 Nc6 4. d5 Ne5 5. f4 Nd3+ 6. Bxd3 cxd3 7. Qxd3 e6 8.
Nc3 exd5 9. Qxd5 Qh4+ 10. g3 Qg4 11. Nb5 Bd6 12. Nxd6+ cxd6 13. Qxd6 Ne7 14. Qd2
b6 15. Qg2 Bb7 16. h3 Qe6 17. Rh2 Bxe4 18. Qe2 Nf5 19. Qb5+ Bc6+ 20. Qe5 Nd4 21.
Qxe6+ fxe6 22. Be3 Nf5 23. Bf2 h6 24. g4 Nd6 25. O-O-O Ne4 26. Bd4 Rc8 27. Rc2
O-O 28. Re1 Rxf4 29. Be5 Rf7 30. Kb1 Nc5 31. Bd6 Be4 32. Rxe4 Rf1+ 33. Rc1 Rxc1+
0-1

[Event "Challenge"]
[Site "http://www.queenalice.com/game.php?id=1616695"]
[Date "2020.6.14"]
[Round "-"]
[White "Cuspirov"]
[Black "saturnin"]
[Result "1-0"]
[WhiteElo "1359"]
[BlackElo "1596"]

1. d4 c6 2. c4 b6 3. Nc3 d5 4. Bf4 dxc4 5. e4 b5 6. d5 b4 7. Na4 Ba6 8. Nc5 Bc8
9. Bxc4 a5 10. dxc6 Nxc6 11. Qxd8+ Nxd8 12. Bb5+ Nc6 13. Bxc6+ Bd7 14. Nxd7 Kd8
15. O-O-O Ra7 16. Nb6+ 1-0

[Event "Challenge"]
[Site "http://www.queenalice.com/game.php?id=1616696"]
[Date "2020.6.14"]
[Round "-"]
[White "saturnin"]
[Black "Cuspirov"]
[Result "1/2-1/2"]
[WhiteElo "1591"]
[BlackElo "1414"]

1. b4 e5 2. b5 c5 3. c4 g6 4. Bb2 d6 5. e4 Bg7 6. Nf3 Ne7 7. a4 O-O 8. Be2 f5 9.
exf5 Nxf5 10. d3 b6 11. Bc3 Bb7 12. Qb3 Nd4 13. Nxd4 exd4 14. Bb2 Bxg2 15. Rg1
Bh3 16. Nd2 Qh4 17. Nf3 Qf4 18. Rg3 Qf5 19. a5 Nd7 20. axb6 axb6 21. Rg5 Qe6 22.
Rg3 Bf5 23. Qc2 Be5 24. Nxe5 Nxe5 25. O-O-O Bg4 26. Rf1 Bxe2 27. Qxe2 Qf5 28.
Kd2 Nf3+ 29. Rxf3 Qxf3 30. Qe1 Rae8 31. Qd1 Qf4+ 32. Kc2 Qxh2 33. Qd2 Rf5 34.
Kb3 Ref8 35. Bc1 Rxf2 36. Rxf2 Rxf2 37. Qe1 Ra2 38. Qe6+ Kg7 39. Qe7+ Kg8 40.
Qe6+ Kg7 41. Qe7+ Kg8 42. Qe6+ Kg7 1/2-1/2